Automate the boring stuff with Python : (Record no. 14282)
[ view plain ]
| 000 -LEADER | |
|---|---|
| fixed length control field | 02635cam a2200337 i 4500 |
| 001 - CONTROL NUMBER | |
| JCCL Control Number | 14282 |
| 003 - CONTROL NUMBER IDENTIFIER | |
| JCCL marc code | BD-JhCC |
| 005 - DATE AND TIME OF LATEST TRANSACTION | |
| control field | 20250227091204.0 |
| 008 - FIXED-LENGTH DATA ELEMENTS--GENERAL INFORMATION | |
| fixed length control field | 210315t20202020caua a 001 0 eng c |
| 020 ## - INTERNATIONAL STANDARD BOOK NUMBER | |
| International Standard Book Number | 9781593279929 |
| 020 ## - INTERNATIONAL STANDARD BOOK NUMBER | |
| International Standard Book Number | 1593279922 |
| 035 ## - SYSTEM CONTROL NUMBER | |
| system control number | (OCoLC)14282 |
| 040 ## - CATALOGING SOURCE | |
| Original cataloging agency | NjBwBT |
| Transcribing agency | PNX |
| Description conventions | rda |
| Modifying agency | OCLCO |
| -- | OCLCQ |
| -- | JQM |
| -- | CLE |
| -- | OCLCF |
| -- | UKMGB |
| -- | SDG |
| -- | SMDRL |
| -- | OCLCO |
| -- | BUF |
| -- | OCLCA |
| -- | DLC |
| 041 ## - LANGUAGE CODE | |
| Language code of Book | eng |
| 050 00 - LIBRARY OF CONGRESS CALL NUMBER | |
| Classification number | 690.1 |
| Item number | S94 2020 |
| 100 1# - MAIN ENTRY--PERSONAL NAME | |
| Personal name | Sweigart, Al, |
| 245 10 - TITLE STATEMENT | |
| Title | Automate the boring stuff with Python : |
| Remainder of title | practical programming for total beginners / |
| Statement of responsibility, etc | by Al Sweigart. |
| 250 ## - EDITION STATEMENT | |
| Edition statement | 2nd edition. |
| 260 ## - PUBLICATION, DISTRIBUTION, ETC. (IMPRINT) | |
| Place of publication, distribution, etc | San Francisco: |
| Name of publisher, distributor, etc | No Starch; |
| Date of publication, distribution, etc | 2020. |
| 300 ## - PHYSICAL DESCRIPTION | |
| Pagination | xxxix, 547 pages : |
| Other physical details | illustrations ; |
| Dimensions | 24 cm |
| 500 ## - GENERAL NOTE | |
| General note | Includes index. |
| 505 0# - FORMATTED CONTENTS NOTE | |
| Formatted contents note | Python programming basics. Python basics ; Flow control ; Functions ; Lists ; Dictionaries and structuring data ; Manipulating strings -- Automating tasks. Pattern matching with regular expressions ; Input validation ; Reading and writing files ; Organizing files ; Debugging ; Web scraping ; Working with Excel spreadsheets ; Working with Google sheets ; Working with PDF and Word documents ; Working with CSV files and JSON data ; Keeping time, scheduling tasks, and launching programs ; Sending email and text messages ; Manipulating images ; Controlling the keyboard and mouse with GUI automation -- Appendix A: Installing third-party modules -- Appendix B: Running programs -- Appendix C: Answers to the practice questions |
| 520 ## - SUMMARY, ETC. | |
| Summary, etc | If you've ever spent hours renaming files or updating hundreds of spreadsheet cells, you know how tedious tasks like these can be. But what if you could have your computer do them for you. In this fully revised second edition of the best-selling classic Automate the Boring Stuff with Python, you'll learn how to use Python to write programs that do in minutes what would take you hours to do by hand--no prior programming experience required. You'll learn the basics Python and explore Python's rich library of modules for performing specific tasks, like scraping data off websites, reading PDF and Word documents, and automating clicking and typing tasks. Step-by-step instructions walk you through each program, and updated practice projects at the end of each chapter challenge you to improve those programs and use your newfound skills to automate similar tasks. |
| 650 #0 - SUBJECT ADDED ENTRY--TOPICAL TERM | |
| Topical term or geographic name as entry element | Python (Computer program language) |
| 650 #0 - SUBJECT ADDED ENTRY--TOPICAL TERM | |
| Topical term or geographic name as entry element | Computer programming. |
| 650 12 - SUBJECT ADDED ENTRY--TOPICAL TERM | |
| Topical term or geographic name as entry element | Software. |
| 650 #7 - SUBJECT ADDED ENTRY--TOPICAL TERM | |
| Topical term or geographic name as entry element | Computer programming. |
| 650 #7 - SUBJECT ADDED ENTRY--TOPICAL TERM | |
| Topical term or geographic name as entry element | Python (Computer program language) |
| 942 ## - ADDED ENTRY ELEMENTS (KOHA) | |
| Source of classification or shelving scheme | Dewey Decimal Classification |
| Koha item type | Books |
| Source of classification or shelving scheme | Damaged status | Not for loan | Home library | Current library | Shelving location | Date of accession | Cost, normal purchase price | Total Checkouts | Full call number | Barcode | Date last seen | Date checked out | Copy number | Method of acquisition | Koha item type | Currency |
|---|---|---|---|---|---|---|---|---|---|---|---|---|---|---|---|---|
| Dewey Decimal Classification | JCC Rouf Library | JCC Rouf Library | General Stacks | 400.00 | 1 | 690.1 | 20037 | 07/30/2025 | 07/02/2025 | C-1 | Purchase | Books | BDT | |||
| Dewey Decimal Classification | JCC Rouf Library | JCC Rouf Library | General Stacks | 400.00 | 1 | 690.1 | 20036 | 07/16/2025 | 06/30/2025 | C-2 | Purchase | Books | BDT |